000 00535nam a2200181Ia 4500
999 _c3265
_d3265
003 OSt
005 20200813145225.0
008 190216s9999||||xx |||||||||||||| ||und||
020 _a9798122415642
040 _coclc
082 _a541.223
_bKAL/S
100 _aKalsi, P S
_94097
245 0 _aStereochemistry Conformation And Mechanism /
_cP S Kalsi
250 _a6th Ed.
260 _bNew Age International Publishers,
_c2005.
_aNew Delhi:
300 _a628p
942 _cBK
_2ddc
_h541.223
_iKAL/S
_k541.223
_mKAL/S